000 01057cab a2200373 4500
001 ABS54908
008 090401t1996 xxu||||| |||| 00| 0 eng d
035 _a(Sirsi) u12983
041 _aeng
245 _aFocus 96: South and North Wales
260 _c1996
350 _a0
490 _aEstates Gazette
_v(9614) 6 April 1996, 45-80(16)
650 _aBUSINESS PARKS
650 _aCARDIFF
650 _aCHESHIRE OAKS
650 _aFACTORY SHOPS
650 _aLEISURE MARKET
650 _aLOCAL GOVERNMENT REORGANISATION
650 _aMETHYR TYDFIL
650 _aNEWPORT
650 _aNORTH WALES
650 _aPROPERTY-COMMERCIAL PROPERTY-OFFICE PROPERTY-OFFICE PROPERTY MARKET
650 _aOUT-OF-TOWN
650 _aPROPERTY-COMMERCIAL PROPERTY-RETAIL PROPERTY-RETAIL PROPERTY MARKET
650 _aSOUTH WALES
650 _aSWANSEA
650 _aWALES
650 _aWELSH DEVELOPMENT AGENCY
650 _aWREXHAM
690 _aPROPERTY-COMMERCIAL PROPERTY-COMMERCIAL PROPERTY MARKET
942 _n0
948 _c04/03/1997
999 _c8341
_d8341